| 000 | 01077nam a2200217 a 4500 | ||
|---|---|---|---|
| 001 | BRCA_1201 | ||
| 005 | 20190320203326.0 | ||
| 008 | 950208s1994 mx-a---##b---f000-0#spa-# | ||
| 020 | _a9686963367 (Obra completa) | ||
| 050 | 4 |
_aN6550 _b.M49 1994 |
|
| 245 | 1 | 0 | _aMéxico en el mundo de las colecciones de arte. |
| 260 |
_aMéxico _bCONACULTA : UNAM, Instituto de Investigaciones Estéticas : Secretaría de Relaciones Exteriores _c1994 |
||
| 300 |
_a7 v. _bil. a color _c29 cm. |
||
| 500 | _aLa biblioteca solo cuenta con el v.3. Nueva España 1, v.4. Nueva España 2 y v.5. México moderno (este último se encuentra en el L. 13) | ||
| 500 | _aSe cuenta con todos los volúmenes en el Fondo Ruth Lechuga, No. de sist. 482 | ||
| 504 | _aIncluye referencias bibliográficas | ||
| 505 | 0 | _aContenido : v.1. Mesoamérica 1. -- v.2. Mesoamérica 2. -- v.3. Nueva España 1. -- v.4 Nueva España 2. -- v.5. México moderno. -- v.6. México contemporáneo 1. -- v.7. México contemporáneo 2 | |
| 650 | 1 | 4 |
_aArte mexicano _92321 |
| 650 | 1 | 4 |
_aArte _zMéxico _93947 |
| 942 |
_2lcc _cB |
||
| 999 |
_c1074 _d1074 |
||